| 000 | 00000nam##2200000za#4500 |
| 001 | 9.605305 |
| 003 | CaOODSP |
| 005 | 20210624212040 |
| 007 | cr ||||||||||| |
| 008 | 150406|2002||||xxc|||||o f|0| 0 fre|d |
| 022 | |a1495-0790 |
| 040 | |aCaOODSP|bfre |
| 043 | |an-cn--- |
| 086 | 1 |aFA1-2/2002-5F-PDF |
| 110 | 1 |aCanada. |bBureau du vérificateur général. |
| 245 | 10|aRapport de la commissaire à l'environnement et au développement durable à la Chambre des communes. Chapitre 5, : |h[ressource électronique]|bLes stratégies de développement durable |
| 260 | |aOttawa - Ontario : |bBureau du vérificateur général du Canada |
| 300 | |a32p.|bfigure, tableau |
| 490 | 1 |aRapport du commissaire à l'environnement et au développement durable à la Chambre des communes. [Chapitres]|x1495-0790|v2002 |
| 500 | |aLe n° de catalogue (FA1-2/2002-5F) et l'ISBN (0-662-87798-5) de l'édition imprimée ont été incorrectement copiés dans l'édition électronique. |
| 590 | |a13-05-Supp|b2013-02-27 |
| 775 | 08|tReport of the Commissioner of the Environment and Sustainable Development to the House of Commons. Chapter 5, : |w(CaOODSP)9.575931 |
| 830 | #0|aRapport du commissaire à l'environnement et au développement durable à la Chambre des communes. [Chapitres]|x1495-0790|v2002|w(CaOODSP)9.502646 |
| 856 | 40|ahttp://publications.gc.ca|qPDF|s470 Ko|uhttps://publications.gc.ca/collections/collection_2013/bvg-oag/FA1-2-2002-5-fra.pdf|y2002 |